LIBRARY & INFORMATION CENTRE, KCAET, TAVANUR

ONLINE PUBLIC ACCESS CATALOGUE (OPAC)

Advances in transport processes, Vol 3 / (Record no. 7159)

MARC details
000 -LEADER
fixed length control field 00487cam a2200181ua 4500
020 ## - INTERNATIONAL STANDARD BOOK NUMBER
ISBN 0-85-226-5875
041 ## - LANGUAGE CODE
Language code of text/sound track or separate title eng
082 ## - DEWEY DECIMAL CLASSIFICATION NUMBER
Classification number 660.2842
Item number ARU/AD
100 ## - MAIN ENTRY--AUTHOR NAME
Personal name Arun S, Majumdar .
245 ## - TITLE STATEMENT
Title Advances in transport processes, Vol 3 /
260 ## - PUBLICATION, DISTRIBUTION, ETC. (IMPRINT)
Place of publication New Delhi :
Name of publisher Wiley Eastern Ltd ,
Year of publication 1984.
300 ## - PHYSICAL DESCRIPTION
Number of Pages 452 ; .
700 1# - ADDED ENTRY--PERSONAL NAME
Personal name Mashelkan, R H .
942 ## - ADDED ENTRY ELEMENTS (KOHA)
Koha item type Books
Holdings
Withdrawn status Lost status Damaged status Home library Current library Date acquired Full call number Accession Number Koha item type
      KAUAET KAUAET 07/04/2012 621.4021 MUJ/AD 20325 Books
      KAUAET KAUAET 19/10/2022 621.4021 MUJ/AD 19972 Books
free website counter